000
00212 a2200097 4500
245
_a
Umbiko kamadlenya
_h
Text
020
_a
0869221663
100
_a
Mayford Sibanda
650
_a
ndebele literature
005
20191017173844.0
084
_a
NONE
999
_c
10827
_d
10827